[Event "1700's Anonymous"]
[Site "SchemingMind.com"]
[Date "2011.09.22"]
[Round "-"]
[White "Francisco Aquino"]
[Black "Andreas Flato"]
[Result "1-0"]
[WhiteCountry "BRA"]
[BlackCountry "GER"]
[WhiteElo "1790"]
[WhiteRD "72"]
[BlackElo "1797"]
[BlackRD "69"]
[GameID "293565"]

1. e4 e5 2. Nf3 d6 3. Nc3 Nf6 4. d4 exd4 5. Nxd4 Be7 6. Bc4 c6 7. Bg5 O-O 8. Qf3 Bg4 9. Qf4 Bh5 10. f3 Nbd7
11. O-O-O Ne5 12. Bb3 Bg6 13. Bxf6 Bxf6 14. h4 h6 15. g4 Bxh4 16. Kb1 Qf6 17. Qh2 Bg5 18. Rdf1 Nxg4 19. fxg4 Qxd4 20. Rd1 Qe3
21. Qxd6 Rad8 22. Qxg6 Rxd1+ 23. Rxd1 c5 24. Qf5 Kh8 25. Bd5 Bf6 26. Rd3 Qe1+ 27. Rd1 Qg3 28. Ne2 Qe3 29. Qf1 b5 30. Rd3 Qg5
31. Qf5 Qh4 32. Rd1 Qh2 33. Nf4 a5 34. e5 Bg5 35. Ng6+
1-0

[Event "1700's Anonymous"]
[Site "SchemingMind.com"]
[Date "2011.09.23"]
[Round "-"]
[White "emvarela"]
[Black "Andreas Flato"]
[Result "1/2-1/2"]
[WhiteCountry "ARG"]
[BlackCountry "GER"]
[WhiteElo "1774"]
[WhiteRD "47"]
[BlackElo "1792"]
[BlackRD "72"]
[GameID "293566"]

1. e4 e5 2. Nf3 d6 3. d4 exd4 4. Nxd4 Nf6 5. Nc3 Be7 6. Be2 O-O 7. Bf4 Bd7 8. O-O c5 9. Nb3 Qc7 10. Nd5 Nxd5
11. exd5 b5 12. c3 a5 13. Bg4 a4 14. Bxd7 Qxd7 15. Nd2 Qf5 16. Qf3 Nd7 17. Rfe1 Rfe8 18. Bg3=
1/2-1/2

[Event "1700's Anonymous"]
[Site "SchemingMind.com"]
[Date "2011.09.22"]
[Round "-"]
[White "Phillip Beckett"]
[Black "Andreas Flato"]
[Result "1/2-1/2"]
[WhiteCountry "ENG"]
[BlackCountry "GER"]
[WhiteElo "1677"]
[WhiteRD "57"]
[BlackElo "1773"]
[BlackRD "77"]
[GameID "293567"]

1. e4 e5 2. Nf3 d6 3. d4 exd4 4. Nxd4 Nf6 5. Nc3 Be7 6. Be2 O-O 7. O-O c6 8. Be3 b5 9. a3 Bb7 10. Nf5 a5
11. f3 b4 12. axb4 axb4 13. Rxa8 Bxa8 14. Na4 c5 15. Nxe7+ Qxe7 16. Qd2 Nc6 17. b3 Rd8 18. Rd1 Ne8 19. Nb6 Bb7 20. Nd5 Qd7
21. Bc4 Ne5 22. Bf4 Nxc4 23. bxc4 Qa4 24. Ne7+ Kf8 25. Nf5 b3 26. cxb3 Qxb3 27. Be3 Qxc4 28. Rc1 Qe6 29. Bxc5 f6 30. Ba3 g6
31. Qh6+ Kg8 32. Rc7 Rd7 33. Rxd7 Qxd7 34. Ng3 Qa4 35. Qe3 Qd1+ 36. Kf2 Ba6 37. Ne2 Qd3=
1/2-1/2

[Event "1700's Anonymous"]
[Site "SchemingMind.com"]
[Date "2011.09.23"]
[Round "-"]
[White "THart"]
[Black "Archon"]
[Result "1-0"]
[WhiteCountry "USA"]
[BlackCountry "CAN"]
[WhiteElo "1796"]
[WhiteRD "68"]
[BlackElo "1778"]
[BlackRD "57"]
[GameID "293677"]

1. e4 d6 2. d4 Nf6 3. Nf3 Nxe4 4. Bd3 Nf6 5. O-O g6 6. Bg5 Bg7 7. c3 O-O 8. Nbd2 Nbd7 9. Re1 h6 10. Bh4 c5
11. Qb3 Kh7 12. Ne4 cxd4 13. Nxd4 Nxe4 14. Rxe4 Nc5 15. Qc2 Nxe4 16. Bxe4 Rb8 17. h3 b5 18. Nc6 Qb6 19. Nxb8 Qxb8 20. Rd1 Qc7
21. Bg3 a5 22. Qe2 b4 23. cxb4 axb4 24. Bf4 Bb7 25. Rc1 Qb8 26. Bd3 e5 27. Be3 d5 28. Bc5 Rc8 29. Rc2 Ba8 30. Be7 b3
31. axb3 Re8 32. Ba3 Qxb3 33. Rc7 Kg8 34. Bc2 Qb8 35. Rc3 d4 36. Rb3 Qd8 37. Be4 Bxe4 38. Qxe4 f5 39. Qc6 e4 40. Qxg6 d3
41. Rb7 Qf6 42. Rxg7+ Qxg7 43. Qxe8+ Kh7 44. Kf1 d2 45. Ke2 Qd4 46. Qf7+ Kh8 47. Qb3
1-0

[Event "1700's Anonymous"]
[Site "SchemingMind.com"]
[Date "2011.09.23"]
[Round "-"]
[White "THart"]
[Black "Clive Everill"]
[Result "1/2-1/2"]
[WhiteCountry "USA"]
[BlackCountry "CZE"]
[WhiteElo "1796"]
[WhiteRD "68"]
[BlackElo "1790"]
[BlackRD "52"]
[GameID "293678"]

1. d4 Nf6 2. Nf3 c5 3. c3 b6 4. e3 Bb7 5. Nbd2 g6 6. Bd3 Bg7 7. O-O O-O 8. Re1 d5 9. e4 cxd4 10. Nxd4 dxe4
11. Nxe4 Nxe4 12. Bxe4 Bxe4 13. Rxe4 Nc6 14. Be3 Qd5 15. f3 f5 16. Rh4 Ne5 17. Qe2 Rfd8 18. b3 Nc6 19. Nxc6 Qxc6 20. Bd4 Bxd4+
21. cxd4 Rd7 22. Qe3 e6 23. Rc1 Qd5 24. Rc4 Rad8 25. a4 a6 26. h3 Re7 27. Qg5 Qd7 28. Qe3 b5 29. axb5 Qxb5 30. Kf2 e5
31. dxe5 Rxe5 32. Qc3 Qb6+ 33. Kg3 Qe6 34. Rhd4 Rxd4 35. Rxd4 Qe7 36. Qc4+ Kg7 37. Qxa6 Re2 38. Rd7 Rxg2+ 39. Kxg2 Qxd7 40. Qa1+ Kh6
41. Qc1+ Kg7 42. Qc3+ Kh6= 43. b4 Qb5 44. Qe3+ Kg7 45. Qe7+ Kh6 46. h4 Qc6 47. Qe3+ Kg7 48. Qa7+ Kh6 49. Qc5 Qf6 50. Qe3+ Kg7
51. Qa7+ Kh6 52. Kh3 f4 53. Qc5 Qe6+ 54. Kg2 Qe2+ 55. Qf2 Qb5 56. Qc5 Qe2+ 57. Qf2 Qb5=
1/2-1/2

[Event "1700's Anonymous"]
[Site "SchemingMind.com"]
[Date "2011.09.22"]
[Round "-"]
[White "THart"]
[Black "Francisco Aquino"]
[Result "1/2-1/2"]
[WhiteCountry "USA"]
[BlackCountry "BRA"]
[WhiteElo "1785"]
[WhiteRD "71"]
[BlackElo "1755"]
[BlackRD "78"]
[GameID "293679"]

1. d4 d5 2. Nf3 Nf6 3. e3 Nc6 4. Bd3 e6 5. O-O Be7 6. Nbd2 O-O 7. Re1 Re8 8. e4 dxe4 9. Nxe4 Nxd4 10. Nxf6+ Bxf6
11. Ne5 c5 12. Bxh7+ Kxh7 13. Qh5+ Kg8 14. Qxf7+ Kh7 15. Qg6+ Kg8 16. Qf7+ Kh7 17. Qg6+=
1/2-1/2

[Event "1700's Anonymous"]
[Site "SchemingMind.com"]
[Date "2011.09.22"]
[Round "-"]
[White "THart"]
[Black "Andreas Flato"]
[Result "0-1"]
[WhiteCountry "USA"]
[BlackCountry "GER"]
[WhiteElo "1796"]
[WhiteRD "68"]
[BlackElo "1797"]
[BlackRD "69"]
[GameID "293680"]

1. d4 e6 2. Nf3 c5 3. c3 Nf6 4. e3 d5 5. Bd3 Nc6 6. Nbd2 Qb6 7. O-O Bd7 8. a4 Be7 9. e4 cxd4 10. cxd4 Nxd4
11. Nxd4 Qxd4 12. Nf3 Qb6 13. Ne5 a6 14. exd5 Nxd5 15. Nxd7 Kxd7 16. Ra3 Bxa3 17. bxa3 h6 18. Be4 Qd6 19. Qg4 g5 20. Bxd5 f5
21. Bxe6+ Qxe6 22. Rd1+ Kc7 23. Qg3+ f4 24. Qc3+ Qc6 25. Qg7+ Kb6 26. Bb2 Rad8 27. Bd4+ Ka5 28. Qe5+ b5 29. Bc3+ Kb6 30. a5+ Kb7
31. Qe7+ Kc8 32. Qe1 Rxd1 33. Qxd1 Qxc3 34. Qg4+ Kc7 35. h3 Qe1+ 36. Kh2 Qxf2 37. Qd1 Rd8 38. Qc1+ Kb7 39. Qc3 Qg3+
0-1

[Event "1700's Anonymous"]
[Site "SchemingMind.com"]
[Date "2011.09.23"]
[Round "-"]
[White "THart"]
[Black "emvarela"]
[Result "1-0"]
[WhiteCountry "USA"]
[BlackCountry "ARG"]
[WhiteElo "1825"]
[WhiteRD "69"]
[BlackElo "1787"]
[BlackRD "47"]
[GameID "293681"]

1. d4 Nf6 2. Nf3 d5 3. e3 e6 4. Bd3 c5 5. c3 Nc6 6. O-O Bd6 7. Nbd2 O-O 8. e4 cxd4 9. cxd4 Nb4 10. Bb1 dxe4
11. Nxe4 Nxe4 12. Bxe4 Be7 13. Re1 Nd5 14. a3 b6 15. Qc2 Bb7 16. Bxh7+ Kh8 17. Be4 Rc8 18. Qd3 Qc7 19. Bd2 Qc4 20. Ne5 Qxd3
21. Nxd3 Rc7 22. Rac1 Rfc8 23. Rxc7 Rxc7 24. Ne5 Bd6 25. Rc1 Bxe5 26. dxe5 Rxc1+ 27. Bxc1 Bc6 28. Bd2 Ne7 29. Bd3 Nd5 30. g3 f6
31. exf6 gxf6 32. f4 Kg7 33. Kf2 f5 34. h3 Kf6 35. g4 Ne7 36. g5+ Kg6 37. Be2 Be4 38. h4 Nc6 39. Bc3 Ne7 40. h5+ Kh7
41. Bc4 Bd5 42. Bxd5 Nxd5 43. Kf3 a5 44. Be5 b5 45. Bc3 b4 46. Bd4
1-0

[Event "1700's Anonymous"]
[Site "SchemingMind.com"]
[Date "2011.09.22"]
[Round "-"]
[White "THart"]
[Black "Phillip Beckett"]
[Result "1-0"]
[WhiteCountry "USA"]
[BlackCountry "ENG"]
[WhiteElo "1785"]
[WhiteRD "71"]
[BlackElo "1677"]
[BlackRD "57"]
[GameID "293682"]

1. d4 d5 2. Nf3 Nf6 3. e3 e6 4. Bd3 Be7 5. O-O c5 6. c3 Nc6 7. Nbd2 O-O 8. e4 dxe4 9. Nxe4 cxd4 10. Bg5 h6
11. Nxf6+ Bxf6 12. Bxf6 Qxf6 13. cxd4 Kh8 14. Be4 Bd7 15. a3 Rfd8 16. b4 a6 17. Rc1 Be8 18. d5 exd5 19. Bc2 Ne5 20. Nxe5 Qxe5
21. Re1 Qg5 22. Qd3 g6 23. Qd4+ Kh7 24. Rcd1 Rac8 25. Bb3 Bc6 26. h4 Qh5 27. Re5 g5 28. Bc2+ Kg8 29. Rde1 f6 30. Re7 Re8
31. Bh7+ Kf8 32. Qxf6+
1-0

[Event "1700's Anonymous"]
[Site "SchemingMind.com"]
[Date "2011.09.23"]
[Round "-"]
[White "Archon"]
[Black "THart"]
[Result "1/2-1/2"]
[WhiteCountry "CAN"]
[BlackCountry "USA"]
[WhiteElo "1778"]
[WhiteRD "57"]
[BlackElo "1796"]
[BlackRD "68"]
[GameID "293683"]

1. Nf3 g6 2. c4 Bg7 3. Nc3 Nf6 4. g3 b6 5. Bg2 Bb7 6. O-O O-O 7. d3 d6 8. Bg5 h6 9. Bd2 Nbd7 10. Rc1 a6
11. b4 c5 12. a3 Ne5 13. Nxe5 Bxg2 14. Nxf7 Rxf7 15. Kxg2 Qd7 16. Qc2 Raf8 17. h3 Nh5 18. Nd5 Qb7 19. Bc3 e6 20. e4 exd5
21. exd5 Qd7 22. Rce1 Bxc3 23. Qxc3 Qa4 24. Re6 Rf6 25. Rxf6 Nxf6 26. f4 Qd7 27. Rf2 Qe7 28. Qd2 h5 29. Re2 Qg7 30. Qe1 Qd7
31. Re7 Qd8 32. Qe6+ Kh8 33. Ra7 a5 34. b5 a4 35. f5 g5 36. Rxa4 Qd7 37. Ra6 Qc7 38. a4 Qd8 39. Ra7 Rg8 40. Rf7 Rf8
41. Ra7 Rg8 42. Re7 Rg7 43. Rf7 Rxf7 44. Qxf7 h4 45. g4 Nh7 46. Qe6 Nf8 47. Qe4 Nh7 48. Qe6 Nf8=
1/2-1/2

[Event "1700's Anonymous"]
[Site "SchemingMind.com"]
[Date "2011.09.23"]
[Round "-"]
[White "Clive Everill"]
[Black "THart"]
[Result "1/2-1/2"]
[WhiteCountry "CZE"]
[BlackCountry "USA"]
[WhiteElo "1790"]
[WhiteRD "52"]
[BlackElo "1796"]
[BlackRD "68"]
[GameID "293684"]

1. e4 c6 2. d4 d5 3. f3 e6 4. Nc3 Bb4 5. e5 c5 6. a3 Bxc3+ 7. bxc3 c4 8. Be3 Ne7 9. Nh3 h6 10. Be2 Nf5
11. Bf2 O-O 12. O-O Nc6 13. Rb1 b6 14. Kh1 Nce7 15. g4 Nd6 16. exd6 Qxd6 17. Bg3 Qxa3 18. Qd2 Qa4 19. Rb4 Qe8 20. Nf4 g6
21. h4 Kh7 22. Kg2 f5 23. g5 h5 24. Re1 Nc6 25. Rbb1 Rf7 26. Bf1 Re7 27. Re2 Qf7 28. Rbe1 Bd7 29. Nh3 Ree8 30. Qf4 Rac8
31. Qd6 Nd8 32. Nf4 Nb7 33. Qa3 a5 34. Nh3 Qe7 35. Qb2 b5 36. Ng1 Qf8 37. f4 Nd6 38. Nf3 Ne4 39. Bh2 b4 40. cxb4 axb4
41. Ne5 Bb5 42. Re3 c3 43. Qc1 Bxf1+ 44. Kxf1 Qd6 45. Qd1 Qa6+ 46. Kg2 Re7 47. Qe2 Qxe2+ 48. R3xe2 Ra7 49. Rb1 Ra4 50. Nd7 Rc6
51. Nc5 Nxc5 52. dxc5 Kg7 53. Bg1 Kf7=
1/2-1/2

[Event "1700's Anonymous"]
[Site "SchemingMind.com"]
[Date "2011.09.23"]
[Round "-"]
[White "Francisco Aquino"]
[Black "THart"]
[Result "0-1"]
[WhiteCountry "BRA"]
[BlackCountry "USA"]
[WhiteElo "1790"]
[WhiteRD "72"]
[BlackElo "1796"]
[BlackRD "68"]
[GameID "293685"]

1. e4 c6 2. d4 d5 3. exd5 cxd5 4. Nf3 Bg4 5. Bb5+ Nd7 6. Nc3 e6 7. Qd3 Bxf3 8. Qxf3 Nf6 9. Bg5 Be7 10. O-O-O O-O
11. Rhe1 h6 12. Bh4 Rc8 13. g4 a6 14. Ba4 b5 15. Bb3 Bb4 16. Re3 g5 17. Bg3 Bxc3 18. Rxc3 Ne4 19. Rxc8 Qxc8 20. h4 a5
21. hxg5 Nxg5 22. Qh1 Kg7 23. a3 a4 24. Ba2 f5 25. gxf5 Rxf5 26. Rg1 Qf8 27. f4 Ne4 28. Be1+ Kh7 29. Bb4 Qf6 30. Qg2 Qf7
31. c3 Rxf4 32. Bb1 Nf6 33. Qg3 Nh5 34. Bxe4+ dxe4 35. Qe3 Rf1+ 36. Rxf1 Qxf1+ 37. Kc2 Qg2+ 38. Kc1 Ng3 39. Bd6 Qf1+ 40. Kc2 Qe2+
41. Qxe2 Nxe2 42. Kd2 Ng1 43. Ke3 Kg6 44. Kxe4 Kf7 45. Ke3 Kf6 46. Kf2 Nh3+ 47. Kg3 Ng5 48. Kg4 Kg6 49. Be7 Ne4 50. Kf4 Nd2
51. Ke5 Kf7 52. Bb4 Nc4+ 53. Kf4 Nxb2 54. Kg4 Kg6 55. Kh4 h5 56. Be7= Nd1 57. Bb4 Ne3 58. Bc5 Nd5 59. c4 bxc4
0-1

[Event "1700's Anonymous"]
[Site "SchemingMind.com"]
[Date "2011.09.22"]
[Round "-"]
[White "Andreas Flato"]
[Black "THart"]
[Result "1-0"]
[WhiteCountry "GER"]
[BlackCountry "USA"]
[WhiteElo "1797"]
[WhiteRD "69"]
[BlackElo "1796"]
[BlackRD "68"]
[GameID "293686"]

1. e4 c6 2. d4 d5 3. e5 Bf5 4. g4 Be4 5. f3 Bg6 6. h4 h5 7. g5 e6 8. Ne2 Ne7 9. Nf4 Nf5 10. c3 Ng3
11. Rh3 Nxf1 12. Kxf1 Bf5 13. Rg3 g6 14. Nd2 c5 15. Kg2 cxd4 16. cxd4 Nc6 17. Nf1 Qb6 18. Ne2 Be7 19. Ne3 O-O-O 20. Nxf5 gxf5
21. f4 Kb8 22. Rb3 Qc7 23. Bd2 Rc8 24. Rc1 Qd7 25. a3 Ka8 26. Rbc3 a6 27. b4 Na7 28. Rxc8+ Nxc8 29. Qb3 Nb6 30. Rc3 Nc4
31. Bc1 b5 32. Ng3 Kb7 33. Qd1 f6 34. gxf6 Bxf6 35. exf6 Qf7 36. Kh3 Nd6 37. Qe2 Ne8 38. a4 Nd6 39. Be3 Nc4 40. axb5 axb5
41. Rc2 Kb6 42. Bf2 Qxf6 43. Qd1 Qg6 44. Ra2 Rh7 45. Qa1 Qg4+ 46. Kg2 Rb7 47. Ra6+ Kc7 48. Rxe6 Qxh4 49. Qa6 Kb8 50. Re8+ Kc7
51. Qe6
1-0

[Event "1700's Anonymous"]
[Site "SchemingMind.com"]
[Date "2011.09.23"]
[Round "-"]
[White "emvarela"]
[Black "THart"]
[Result "1-0"]
[WhiteCountry "ARG"]
[BlackCountry "USA"]
[WhiteElo "1797"]
[WhiteRD "49"]
[BlackElo "1811"]
[BlackRD "75"]
[GameID "293687"]

1. e4 c6 2. d4 d5 3. Nc3 dxe4 4. Nxe4 Nd7 5. Bd3 Ndf6 6. Qf3 Nxe4 7. Qxe4 Nf6 8. Qh4 Qa5+ 9. c3 Qh5 10. Qxh5 Nxh5
11. Be3 g6 12. Ne2 Bg7 13. h3 O-O 14. g4 Nf6 15. O-O-O Be6 16. b3 a5 17. Nf4 Bd5 18. Nxd5 Nxd5 19. Rhe1 Nxc3 20. Rd2 b5
21. Kb2 Nd5 22. Be4 Nb4 23. a3 Nd5 24. Bxd5 cxd5 25. Rc1 Rfc8 26. Rdc2 Rxc2+ 27. Rxc2 e6 28. Rc5 b4 29. axb4 axb4 30. Rb5 Bf8
31. Bd2 Rd8 32. Bxb4 Bxb4 33. Rxb4 Kg7 34. Rb5 Rc8 35. Rc5 Rb8 36. Kc3 Ra8 37. Kb4 Ra2 38. f4 Rh2 39. Rc3 Rf2 40. Kc5 Rxf4
41. b4 Rf1 42. b5 Ra1 43. Kc6 Ra8 44. Kb7 Re8 45. b6 e5 46. dxe5 Rxe5 47. Ka7 d4 48. Rc8 Rd5 49. b7 Rd7 50. Ka8 d3
51. Rc1 d2 52. Rd1 Rd8+ 53. b8=Q Rxb8+ 54. Kxb8 f5 55. g5 h6 56. h4 hxg5 57. hxg5 Kf7 58. Rxd2 Ke6 59. Re2+ Kd7 60. Kb7 Kd6
61. Kc8 f4 62. Kd8 Kd5 63. Ke7 Kd4 64. Kf6 f3 65. Rf2 Ke3 66. Rxf3+ Kxf3 67. Kxg6 Kf4 68. Kf6
1-0

[Event "1700's Anonymous"]
[Site "SchemingMind.com"]
[Date "2011.09.22"]
[Round "-"]
[White "Phillip Beckett"]
[Black "THart"]
[Result "0-1"]
[WhiteCountry "ENG"]
[BlackCountry "USA"]
[WhiteElo "1633"]
[WhiteRD "57"]
[BlackElo "1796"]
[BlackRD "68"]
[GameID "293688"]

1. e4 c6 2. d4 d5 3. Nc3 dxe4 4. Nxe4 Nd7 5. Bc4 Ngf6 6. Ng5 e6 7. N1f3 h6 8. Nh3 Bd6 9. O-O Nb6 10. Bd3 Nbd5
11. c3 O-O 12. Re1 Nh5 13. Ne5 Nhf6 14. Nf4 Nxf4 15. Bxf4 Nd5 16. Bg3 Qg5 17. Nf3 Qd8 18. Bxd6 Qxd6 19. Qd2 f6 20. Nh4 Nf4
21. Bc2 e5 22. Rad1 Bg4 23. dxe5 Qxd2 24. Rxd2 fxe5 25. Rxe5 Rae8 26. Rxe8 Rxe8 27. h3 Bh5 28. Kh2 Kf8 29. g3 Nd5 30. Ng6+ Bxg6
31. Bxg6 Re5 32. Bd3 Nb6 33. Re2 Rxe2 34. Bxe2 Na4 35. Bg4 Nxb2 36. Bc8 b6 37. f4 Na4 38. c4 c5 39. Kg2 Nb2 40. Be6 Ke7
41. Bd5 Nd3 42. Kf3 Nb4 43. a3 Nxd5 44. cxd5 Kd6 45. Ke4 b5 46. h4 a5 47. g4 b4 48. axb4 cxb4 49. g5 b3 50. gxh6 gxh6
51. f5 b2
0-1